| 000 | 00772nam a22002177a 4500 | ||
|---|---|---|---|
| 005 | 20171026120517.0 | ||
| 010 | _aENG-120908 | ||
| 020 |
_a9789381632567 _c2500.00 |
||
| 035 | _aEN-104440 | ||
| 037 | _bDBAD/PUB | ||
| 082 | _a615.880954 | ||
| 100 | _aSharma,Sushma | ||
| 245 |
_aScience of folk healing and survival of mountain communities : _cby Sushma Sharma, Pankaj Gupta [and] Vijay Kumar Sharma _bHimachal chapter / |
||
| 260 |
_aNew Delhi _bSatyam Publishing House _c2013 |
||
| 270 |
_aN-3/25, Mohan Garden, Uttam Nagar, _bNew Delhi _e110059 |
||
| 300 |
_a162p. : _c28cm(Hb) _bill (col.) |
||
| 500 | _aIncludes bibliographical references | ||
| 700 | _aGupta, Pankaj | ||
| 700 | _aSharma, Vijay Kumar | ||
| 942 |
_2ddc _cEN _mSHA _h615.880954 |
||
| 999 |
_c146850 _d146850 |
||